[Event "ENG-ch Senior Over 50"]
[Site "Kenilworth"]
[Date "2025.04.26"]
[Round "4.9"]
[White "Hill, Andy"]
[Black "Homer, Neil S"]
[Result "1-0"]
[WhiteElo "1996"]
[BlackElo "1691"]
[PlyCount "85"]
[EventDate "2025.04.24"]
[EventType "swiss"]
[EventRounds "7"]
[EventCountry "ENG"]
[SourceTitle "BritBase"]
[Source "John Saunders"]
[SourceDate "1997.08.31"]
[SourceVersion "1"]
[SourceVersionDate "1997.08.31"]
[SourceQuality "1"]

1. Nf3 d5 2. e3 c5 3. b3 Nc6 4. Bb2 Nf6 5. Bb5 Bd7 6. O-O a6 7. Bxc6 Bxc6 8. Ne5 Rc8 9. d3 e6 10. Nd2 Be7 11. f4 O-O 12. Ndf3 Bd6 13. Qe1 Be7 14. Qg3 d4 15. e4 Nh5 16. Qg4 g6 17. f5 exf5 18. exf5 Bxf3 19. Rxf3 Nf6 20. Qh3 Bd6 21. Nc4 b5 22. Nxd6 Qxd6 23. Raf1 Rcd8 24. Bc1 Qd7 25. Bg5 Nd5 26. Bxd8 Rxd8 27. Qh6 Qe7 28. Rh3 f6 29. fxg6 Rd7 30. Qxh7+ Qxh7 31. Rxh7 Rxh7 32. gxh7+ Kxh7 33. Rf5 Nc3 34. Rxc5 Nxa2 35. Rc6 Nb4 36. Rxf6 Nxc2 37. Rxa6 Nb4 38. Rd6 Nxd3 39. Rxd4 Nc1 40. Rb4 Ne2+ 41. Kf1 Nc3 42. Ke1 Kg6 43. Kd2 1-0

[Event "ENG-ch Senior Over 50"]
[Site "Kenilworth"]
[Date "2025.04.26"]
[Round "4.10"]
[White "Hebden, Mark L"]
[Black "Homer, Stephen J"]
[Result "0-1"]
[WhiteElo "2383"]
[BlackElo "2011"]
[PlyCount "152"]
[EventDate "2025.04.24"]
[EventType "swiss"]
[EventRounds "7"]
[EventCountry "ENG"]
[SourceTitle "BritBase"]
[Source "John Saunders"]
[SourceDate "1997.08.31"]
[SourceVersion "1"]
[SourceVersionDate "1997.08.31"]
[SourceQuality "1"]

1. d4 d5 2. Nf3 Nf6 3. c4 dxc4 4. e3 b5 5. a4 b4 6. Bxc4 e6 7. O-O Be7 8. Nbd2 Bb7 9. a5 a6 10. Ne5 Nbd7 11. Qa4 c5 12. Be2 Qc7 13. Bf3 Rc8 14. dxc5 Bxc5 15. Nb3 O-O 16. Nxd7 Nxd7 17. Bxb7 Qxb7 18. Bd2 Be7 19. Rfd1 Ne5 20. Be1 Rc2 21. Rd2 Rxd2 22. Nxd2 Nd3 23. Nc4 Rd8 24. b3 Nxe1 25. Rxe1 Qd5 26. g3 h5 27. h4 Qe4 28. Qa1 Bf6 29. Qb1 Qf3 30. Qc2 Bc3 31. Qe2 Qxe2 32. Rxe2 Rd1+ 33. Kg2 Rb1 34. Kf3 Rxb3 35. Rc2 Rb1 36. Nd6 Ra1 37. Nc4 Rd1 38. Ke2 Rd5 39. Rc1 e5 40. f3 f5 41. Rd1 Rc5 42. Nd6 Rxa5 43. Nxf5 Ra2+ 44. Kd3 a5 45. Ne7+ Kf7 46. Nd5 Ra3 47. Kc4 Bb2 48. Rb1 Bc3 49. Rd1 e4 50. f4 Bf6 51. f5 Be5 52. Nb6 Rd3 53. Rb1 Rxe3 54. Kd5 Bxg3 55. Nc4 Re1 56. Rb3 Bxh4 57. Nxa5 Be7 58. Nc6 e3 59. Ke4 Bc5 60. Ne5+ Ke8 61. Nd3 Rd1 62. Kf3 Rf1+ 63. Ke2 Rxf5 64. Rb1 g5 65. Rc1 Bd4 66. Rc4 Bc3 67. Kxe3 h4 68. Nxb4 Bxb4 69. Rxb4 Kf7 70. Rb6 h3 71. Rh6 g4 72. Rh4 Rf3+ 73. Ke2 Rg3 74. Kf2 Rg2+ 75. Ke3 Kg6 76. Kf4 h2 0-1

[Event "ENG-ch Senior Over 50"]
[Site "Kenilworth"]
[Date "2025.04.26"]
[Round "4.11"]
[White "Gelder, Stephanie"]
[Black "Lazarus, Simon E"]
[Result "0-1"]
[WhiteElo "1488"]
[BlackElo "1874"]
[PlyCount "88"]
[EventDate "2025.04.24"]
[EventType "swiss"]
[EventRounds "7"]
[EventCountry "ENG"]
[SourceTitle "BritBase"]
[Source "John Saunders"]
[SourceDate "1997.08.31"]
[SourceVersion "1"]
[SourceVersionDate "1997.08.31"]
[SourceQuality "1"]

1. d4 Nf6 2. Nc3 d5 3. Bf4 c5 4. e3 cxd4 5. Qxd4 Nc6 6. Bb5 Bd7 7. Bxc6 bxc6 8. h3 e6 9. Nf3 Qb6 10. Qxb6 axb6 11. Ne5 Bb4 12. Nxd7 Bxc3+ 13. bxc3 Nxd7 14. f3 Ke7 15. Kd2 Ra4 16. Rhb1 Rha8 17. Bg3 b5 18. Rb2 Nb6 19. Rb4 Nc4+ 20. Kd3 Rxa2 21. Rxa2 Rxa2 22. Rb1 f6 23. e4 dxe4+ 24. fxe4 Ra7 25. Be1 Ra4 26. Bf2 Ra8 27. Be1 e5 28. Rc1 Ke6 29. Rb1 h5 30. Ke2 Ra4 31. Kd3 Nd6 32. Rb4 Ra1 33. Bf2 Nc4 34. Ke2 Rc1 35. Kd3 Rd1+ 36. Ke2 Rd2+ 37. Kf3 Rxc2 38. Be1 Ra2 39. g4 hxg4+ 40. hxg4 Ra1 41. Bf2 Rc1 42. Kg2 Rxc3 43. Rb1 Nd2 44. Be1 Nxb1 0-1

[Event "ENG-ch Senior Over 50"]
[Site "Kenilworth"]
[Date "2025.04.27"]
[Round "5.1"]
[White "Homer, Stephen J"]
[Black "Wells, Peter K"]
[Result "0-1"]
[WhiteElo "2011"]
[BlackElo "2350"]
[PlyCount "74"]
[EventDate "2025.04.24"]
[EventType "swiss"]
[EventRounds "7"]
[EventCountry "ENG"]
[SourceTitle "BritBase"]
[Source "John Saunders"]
[SourceDate "1997.08.31"]
[SourceVersion "1"]
[SourceVersionDate "1997.08.31"]
[SourceQuality "1"]

1. e4 c5 2. d4 cxd4 3. Qxd4 Nc6 4. Qd3 g6 5. Nc3 Bg7 6. Nf3 Nf6 7. Be2 O-O 8. O-O d6 9. Nd5 Nd7 10. c3 e6 11. Nf4 Nc5 12. Qc2 b6 13. b4 Nd7 14. Rb1 Bb7 15. Rd1 Qe7 16. Nd4 Nxd4 17. cxd4 Rac8 18. Qd3 e5 19. dxe5 Nxe5 20. Nd5 Qh4 21. Qe3 Rc2 22. g3 Qh3 23. Nf4 Ng4 24. Bxg4 Qxg4 25. Rxd6 Re8 26. f3 Qc8 27. Bd2 Qc4 28. Rc1 Be5 29. Rxc2 Qxc2 30. Rd7 Bc6 31. Rxa7 Qd1+ 32. Kg2 Bb5 33. Qe1 Qc2 34. Qc1 Rc8 35. Qxc2 Rxc2 36. Ra8+ Kg7 37. Rd8 Bc3 0-1

[Event "ENG-ch Senior Over 50"]
[Site "Kenilworth"]
[Date "2025.04.27"]
[Round "5.2"]
[White "Ciuravin, Andrei"]
[Black "Dishman, Stephen"]
[Result "0-1"]
[WhiteElo "2060"]
[BlackElo "2279"]
[PlyCount "79"]
[EventDate "2025.04.24"]
[EventType "swiss"]
[EventRounds "7"]
[EventCountry "ENG"]
[SourceTitle "BritBase"]
[Source "John Saunders"]
[SourceDate "1997.08.31"]
[SourceVersion "1"]
[SourceVersionDate "1997.08.31"]
[SourceQuality "1"]

1. d4 d5 2. Bf4 Nf6 3. e3 e6 4. Nd2 c5 5. c3 Nc6 6. Ngf3 Nh5 7. Bg5 f6 8. Bh4 g6 9. e4 cxd4 10. exd5 dxc3 11. dxc6 cxd2+ 12. Qxd2 Qxd2+ 13. Nxd2 bxc6 14. Be2 Kf7 15. Bxh5 gxh5 16. Ne4 Bb4+ 17. Nc3 Ba6 18. O-O-O Rad8 19. a3 Be7 20. Bg3 Bd3 21. Rhe1 c5 22. Bf4 c4 23. Be3 a6 24. Na2 Rb8 25. Nb4 Bxb4 26. axb4 Rxb4 27. Bc5 Rb5 28. Ba3 Rg8 29. g3 h4 30. Re3 hxg3 31. hxg3 h5 32. Rh1 Rd8 33. Rd1 e5 34. f3 f5 35. Rh1 Kg6 36. Rhe1 e4 37. fxe4 fxe4 38. Kd2 Rb3 39. Kc1 c3 40. Rxe4 0-1

[Event "ENG-ch Senior Over 50"]
[Site "Kenilworth"]
[Date "2025.04.27"]
[Round "5.3"]
[White "Crocker, Philip J"]
[Black "Walton, Alan J"]
[Result "1-0"]
[WhiteElo "2137"]
[BlackElo "2020"]
[PlyCount "69"]
[EventDate "2025.04.24"]
[EventType "swiss"]
[EventRounds "7"]
[EventCountry "ENG"]
[SourceTitle "BritBase"]
[Source "John Saunders"]
[SourceDate "1997.08.31"]
[SourceVersion "1"]
[SourceVersionDate "1997.08.31"]
[SourceQuality "1"]

1. c4 g6 2. Nc3 Bg7 3. Nf3 d6 4. g3 c6 5. Bg2 Qc7 6. O-O e5 7. d3 Ne7 8. Bd2 O-O 9. b4 h6 10. Qb3 Be6 11. a4 Nd7 12. b5 f5 13. Rfb1 Rab8 14. a5 a6 15. bxa6 bxa6 16. Qa3 Kh7 17. Rxb8 Rxb8 18. Ne1 Bf6 19. Nc2 Nc5 20. Rb1 Rxb1+ 21. Nxb1 e4 22. Be3 Nd7 23. Nd2 exd3 24. exd3 c5 25. d4 Bf7 26. dxc5 dxc5 27. h4 Nc6 28. Bxc5 Nxa5 29. Bd6 Qd8 30. c5 Ne5 31. Ne3 Nec6 32. Nd5 Be5 33. Nf4 Bxd6 34. cxd6 Ne5 35. Qc5 1-0

[Event "ENG-ch Senior Over 50"]
[Site "Kenilworth"]
[Date "2025.04.27"]
[Round "5.4"]
[White "White, Russell P"]
[Black "Brett, Andrew R"]
[Result "1/2-1/2"]
[WhiteElo "1874"]
[BlackElo "2060"]
[PlyCount "155"]
[EventDate "2025.04.24"]
[EventType "swiss"]
[EventRounds "7"]
[EventCountry "ENG"]
[SourceTitle "BritBase"]
[Source "John Saunders"]
[SourceDate "1997.08.31"]
[SourceVersion "1"]
[SourceVersionDate "1997.08.31"]
[SourceQuality "1"]

1. e4 c5 2. d4 cxd4 3. c3 dxc3 4. Nxc3 Nc6 5. Nf3 e6 6. Be2 d6 7. O-O Nf6 8. Bf4 Be7 9. Qb3 O-O 10. Rfd1 Qc7 11. Nb5 Qb6 12. Qc2 e5 13. Bg5 Ng4 14. Bf1 Bxg5 15. Nxg5 a6 16. Nxd6 Nd4 17. Nxc8 Raxc8 18. Qd3 Nxf2 19. Kxf2 Ne6+ 20. Qe3 Rc2+ 21. Kf3 Qxe3+ 22. Kxe3 Nxg5 23. Rd5 Rxb2 24. Rxe5 Ne6 25. Rd1 Rxa2 26. Rd7 Ra3+ 27. Kf2 b5 28. Ra7 Ra4 29. Rd5 Rxe4 30. Rd6 Rf4+ 31. Kg1 Ra4 32. Rb6 g6 33. g3 Ra2 34. Bxb5 Rb2 35. Raxa6 Rd8 36. Bf1 Rxb6 37. Rxb6 Rc8 38. Rb2 Rc3 39. Bg2 Nd4 40. Bd5 Rc1+ 41. Kf2 Rc2+ 42. Rxc2 Nxc2 43. g4 Nb4 44. Be4 g5 45. Kg3 Na6 46. h4 Nc5 47. Bd5 h6 48. hxg5 hxg5 49. Ba8 Kg7 50. Bf3 Kf6 51. Ba8 Ke5 52. Kf3 Kd4 53. Bc6 Nd3 54. Bb7 Ne5+ 55. Kg3 Ke3 56. Bc8 Nd3 57. Bf5 Nc5 58. Bc8 Ne4+ 59. Kg2 Kf4 60. Bf5 Nd6 61. Bd7 Ne4 62. Bc8 Nd2 63. Bd7 Nc4 64. Kh3 Ne3 65. Bc8 Nd5 66. Bb7 Nf6 67. Bc8 Kf3 68. Bb7+ Kf4 69. Bc8 Nd5 70. Bb7 Ne3 71. Bc8 f6 72. Be6 Nd1 73. Kg2 Ne3+ 74. Kh3 Kf3 75. Bb3 f5 76. gxf5 g4+ 77. Kh2 Nxf5 78. Bd1+ 1/2-1/2

[Event "ENG-ch Senior Over 50"]
[Site "Kenilworth"]
[Date "2025.04.27"]
[Round "5.5"]
[White "Anderson, Richard"]
[Black "Burrows, Martin P"]
[Result "0-1"]
[WhiteElo "1928"]
[BlackElo "2026"]
[PlyCount "140"]
[EventDate "2025.04.24"]
[EventType "swiss"]
[EventRounds "7"]
[EventCountry "ENG"]
[SourceTitle "BritBase"]
[Source "John Saunders"]
[SourceDate "1997.08.31"]
[SourceVersion "1"]
[SourceVersionDate "1997.08.31"]
[SourceQuality "1"]

1. e4 c5 2. c3 d5 3. exd5 Qxd5 4. d4 e6 5. Nf3 Nf6 6. Na3 Qd8 7. Nc4 Be7 8. Bd3 O-O 9. O-O b5 10. Nce5 c4 11. Bc2 Bb7 12. Qe2 Nbd7 13. b3 Rc8 14. bxc4 bxc4 15. Nxc4 Bxf3 16. gxf3 Qc7 17. Bd3 Nd5 18. Bd2 N7f6 19. Qe5 Qd7 20. Rfc1 Rc7 21. Na5 Ba3 22. Rc2 Bd6 23. Qg5 Rfc8 24. c4 Nb4 25. Bxb4 Bxb4 26. Nb3 h6 27. Qh4 Be7 28. Re1 a5 29. Ree2 a4 30. Nc1 Rd8 31. Red2 Nd5 32. Qe4 f5 33. Qe1 Nf4 34. Qe5 Bd6 35. Qb5 Qf7 36. c5 Qg6+ 37. Kf1 Qg2+ 38. Ke1 Be7 39. Qc4 Qxf3 40. Bf1 Bg5 41. Rc3 Qc6 42. Kd1 Nd5 43. Rcd3 Bxd2 44. Rxd2 Rb7 45. Bd3 Rb4 46. Qa6 Qc7 47. Qxe6+ Qf7 48. Qxf7+ Kxf7 49. Bxf5 Ne7 50. Bc2 Rbxd4 51. Nd3 Nc6 52. Kc1 Kf6 53. Rd1 a3 54. Kd2 Nb4 55. Kc3 Nxc2 56. Kxc2 Rb8 57. Kc3 Rh4 58. Re1 Rxh2 59. Re4 h5 60. c6 Rc8 61. Rc4 Ke6 62. Kb4 Kd6 63. Kb5 Rh1 64. Rd4+ Ke6 65. Kb6 Rb1+ 66. Nb4 Ke5 67. Rc4 Rxb4+ 68. Rxb4 Rb8+ 69. Kc5 Rxb4 70. c7 Rb1 0-1

[Event "ENG-ch Senior Over 50"]
[Site "Kenilworth"]
[Date "2025.04.27"]
[Round "5.6"]
[White "Staples, Daniel J"]
[Black "Hill, Andy"]
[Result "1/2-1/2"]
[WhiteElo "1952"]
[BlackElo "1996"]
[PlyCount "146"]
[EventDate "2025.04.24"]
[EventType "swiss"]
[EventRounds "7"]
[EventCountry "ENG"]
[SourceTitle "BritBase"]
[Source "John Saunders"]
[SourceDate "1997.08.31"]
[SourceVersion "1"]
[SourceVersionDate "1997.08.31"]
[SourceQuality "1"]

1. d4 Nf6 2. Nf3 g6 3. c4 Bg7 4. Nc3 O-O 5. e4 d6 6. Be2 Nbd7 7. O-O e5 8. d5 Nc5 9. Qc2 a5 10. Bg5 h6 11. Be3 Nfd7 12. Nd2 f5 13. exf5 gxf5 14. f3 Nf6 15. a3 a4 16. Bxc5 dxc5 17. Nxa4 Qe7 18. Nc3 Bd7 19. Kh1 b6 20. g3 Kh8 21. Rad1 Rae8 22. Rfe1 h5 23. Bd3 Ng8 24. Nf1 Qf6 25. Be2 h4 26. Kg2 e4 27. f4 Qg6 28. Qd2 Bd4 29. Ne3 Rf7 30. Rh1 Rg7 31. Rdg1 Nh6 32. Kf1 Reg8 33. Rg2 Qf6 34. Rhg1 Rg6 35. Ncd1 R6g7 36. Bh5 h3 37. Rf2 Nf7 38. Ke1 Nd6 39. Be2 Ra8 40. Qc2 Rb8 41. a4 c6 42. b3 cxd5 43. Nxd5 Bxf2+ 44. Kxf2 Qd4+ 45. N1e3 Rf7 46. Rd1 Qg7 47. Qc3 Nc8 48. Bh5 Qxc3 49. Nxc3 Rg7 50. Rd5 Na7 51. Rd6 Nc6 52. Ncd5 Nd4 53. Bd1 Bc6 54. Rh6+ Rh7 55. Rf6 Kg7 56. Nxf5+ Nxf5 57. Rxf5 Rh6 58. Rg5+ Kh8 59. Bc2 Re8 60. Ke3 Bxd5 61. Rxd5 Kg7 62. g4 Rh4 63. Rg5+ Kf7 64. Bxe4 Rh6 65. Kf3 Kf8 66. Rf5+ Kg7 67. g5 Rd6 68. Bd5 Re1 69. Kg4 Rg1+ 70. Kxh3 Rd8 71. Rf7+ Kg6 72. Rf6+ Kg7 73. Rf7+ Kh8 1/2-1/2

[Event "ENG-ch Senior Over 50"]
[Site "Kenilworth"]
[Date "2025.04.27"]
[Round "5.7"]
[White "Lazarus, Simon E"]
[Black "Bolt, Graham"]
[Result "0-1"]
[WhiteElo "1874"]
[BlackElo "1949"]
[PlyCount "142"]
[EventDate "2025.04.24"]
[EventType "swiss"]
[EventRounds "7"]
[EventCountry "ENG"]
[SourceTitle "BritBase"]
[Source "John Saunders"]
[SourceDate "1997.08.31"]
[SourceVersion "1"]
[SourceVersionDate "1997.08.31"]
[SourceQuality "1"]

1. Nf3 g6 2. g3 Bg7 3. c4 Nf6 4. Bg2 O-O 5. O-O d5 6. cxd5 Nxd5 7. d4 c6 8. e4 Nb6 9. h3 h6 10. Qc2 Na6 11. Bd2 Be6 12. Bc3 Rc8 13. Rd1 Kh7 14. Nbd2 f6 15. Nf1 Bg8 16. Ne3 Qc7 17. h4 h5 18. Bh3 Rcd8 19. Bf1 Nb8 20. b3 Bh6 21. Nc4 Be6 22. Nxb6 axb6 23. Bg2 Bg4 24. Re1 Nd7 25. Nh2 Be6 26. Rad1 Bf7 27. e5 e6 28. exf6 Nxf6 29. Nf3 Nd5 30. Bd2 Bxd2 31. Qxd2 Kg7 32. Ng5 Qd6 33. Bh3 Nc7 34. Qb2 Kg8 35. Ne4 Qb4 36. Nf6+ Kg7 37. d5 Kh6 38. Qe5 Nxd5 39. Qg5+ Kg7 40. Nxh5+ Kh7 41. Bxe6 Rde8 42. Qe5 gxh5 43. Rxd5 Rxe6 44. Qf5+ Rg6 45. Rdd1 Kg8 46. Re4 Qc3 47. Rd7 Qf6 48. Qxf6 Rxf6 49. Ree7 Re8 50. Rxe8+ Bxe8 51. Rxb7 b5 52. Ra7 Bf7 53. Rc7 Bd5 54. f4 Rf7 55. Rc8+ Kg7 56. Kf2 Ra7 57. Ke3 Rxa2 58. Kd4 Ra3 59. Ke5 Rxb3 60. Rc7+ Kh6 61. f5 Rxg3 62. Kf6 b4 63. Rc8 Rg8 64. Rc7 Rb8 65. Re7 b3 66. Re8 Rb7 67. Rh8+ Rh7 68. Rb8 Rf7+ 69. Ke5 Kg7 70. Rb6 Re7+ 71. Kd4 Kf6 0-1

[Event "ENG-ch Senior Over 50"]
[Site "Kenilworth"]
[Date "2025.04.27"]
[Round "5.8"]
[White "Alldritt, Nigel RE"]
[Black "Gardiner, Eric D"]
[Result "1-0"]
[WhiteElo "1952"]
[BlackElo "1879"]
[PlyCount "109"]
[EventDate "2025.04.24"]
[EventType "swiss"]
[EventRounds "7"]
[EventCountry "ENG"]
[SourceTitle "BritBase"]
[Source "John Saunders"]
[SourceDate "1997.08.31"]
[SourceVersion "1"]
[SourceVersionDate "1997.08.31"]
[SourceQuality "1"]

1. d4 d5 2. c4 e6 3. Nf3 a6 4. g3 dxc4 5. Bg2 Nc6 6. O-O Rb8 7. a4 Nf6 8. Bg5 Be7 9. Qc1 h6 10. Be3 Nd5 11. Bd2 O-O 12. Qxc4 Ndb4 13. Bxb4 Nxb4 14. Nc3 Bd7 15. Rfd1 Bxa4 16. Nxa4 b5 17. Qc1 bxa4 18. Rxa4 Qd7 19. b3 Qb5 20. Qc4 Nd5 21. e4 Nf6 22. Nd2 Bb4 23. e5 Nd5 24. Bxd5 exd5 25. Qxb5 Rxb5 26. Rxa6 Bxd2 27. Rxd2 Rxb3 28. Rc2 Rb4 29. Rxc7 Rxd4 30. Rd6 Rc4 31. Rxc4 dxc4 32. Rc6 Re8 33. f4 h5 34. Rxc4 g6 35. Kg2 Kg7 36. Rc7 Re6 37. g4 hxg4 38. Kg3 Ra6 39. Kxg4 Rb6 40. h4 Ra6 41. h5 gxh5+ 42. Kxh5 Rh6+ 43. Kg5 Rg6+ 44. Kf5 Ra6 45. Re7 Rb6 46. Kg5 Rg6+ 47. Kh5 Rh6+ 48. Kg4 Kf8 49. Ra7 Rb6 50. f5 Rb1 51. Kg5 Rb6 52. Rd7 Ke8 53. Rc7 Rb1 54. Kf6 Re1 55. Re7+ 1-0

[Event "ENG-ch Senior Over 50"]
[Site "Kenilworth"]
[Date "2025.04.27"]
[Round "5.9"]
[White "Richards, Simon"]
[Black "Matthews, Adrian MS"]
[Result "0-1"]
[WhiteElo "1692"]
[BlackElo "1830"]
[PlyCount "62"]
[EventDate "2025.04.24"]
[EventType "swiss"]
[EventRounds "7"]
[EventCountry "ENG"]
[SourceTitle "BritBase"]
[Source "John Saunders"]
[SourceDate "1997.08.31"]
[SourceVersion "1"]
[SourceVersionDate "1997.08.31"]
[SourceQuality "1"]

1. Nc3 d5 2. d4 Nf6 3. Bf4 e6 4. Nb5 Na6 5. e3 c6 6. Nc3 Qb6 7. Rb1 c5 8. Bb5+ Bd7 9. Bxd7+ Nxd7 10. Nf3 Bd6 11. Bxd6 Qxd6 12. O-O O-O 13. Ne2 c4 14. c3 b5 15. Qc2 Nc7 16. Nd2 f5 17. f4 Nf6 18. Rf3 a5 19. b3 Ne4 20. Nxe4 dxe4 21. Rg3 Nd5 22. bxc4 bxc4 23. Qa4 Qc7 24. Kf2 Rab8 25. Rxb8 Rxb8 26. h4 Kf7 27. Qa3 Rb1 28. h5 Qb6 29. Rg5 Nf6 30. d5 Nxd5 31. Nd4 Qb2+ 0-1

[Event "ENG-ch Senior Over 50"]
[Site "Kenilworth"]
[Date "2025.04.27"]
[Round "5.10"]
[White "Byron, Alan M"]
[Black "Hebden, Mark L"]
[Result "0-1"]
[WhiteElo "2049"]
[BlackElo "2383"]
[PlyCount "124"]
[EventDate "2025.04.24"]
[EventType "swiss"]
[EventRounds "7"]
[EventCountry "ENG"]
[SourceTitle "BritBase"]
[Source "John Saunders"]
[SourceDate "1997.08.31"]
[SourceVersion "1"]
[SourceVersionDate "1997.08.31"]
[SourceQuality "1"]

1. d4 Nf6 2. c4 g6 3. Nc3 Bg7 4. e4 d6 5. Be2 O-O 6. Bg5 Nbd7 7. Nf3 e5 8. dxe5 dxe5 9. O-O h6 10. Be3 c6 11. Nd2 Qe7 12. Qc2 Rd8 13. Rfd1 b6 14. a4 a5 15. Nb3 Bf8 16. c5 Nxc5 17. Nxc5 bxc5 18. Rxd8 Qxd8 19. Nb1 Be6 20. Na3 Rb8 21. Bc4 Bc8 22. Rd1 Qc7 23. b3 h5 24. h3 Ne8 25. Qc3 Ng7 26. Bd2 Rb4 27. Qg3 Ne6 28. Bc3 Nf4 29. Kh1 Be7 30. Qe3 h4 31. Nc2 Rb8 32. Qd2 Ra8 33. Ne3 Be6 34. Qb2 f6 35. Bxe6+ Nxe6 36. Qe2 Nd4 37. Qg4 Kf7 38. Qxh4 Bf8 39. Qg4 Rb8 40. Nc4 Rxb3 41. Bxa5 Qa7 42. Rc1 Be7 43. h4 Rb8 44. Kg1 Nb3 45. Rd1 Nxa5 46. Rd7 Qxd7 47. Nxe5+ fxe5 48. Qxd7 Rb7 49. Qg4 c4 50. h5 gxh5 51. Qxh5+ Ke6 52. Qg6+ Kd7 53. Qf5+ Kd6 54. Qh3 Nb3 55. Qc3 Kc5 56. Qxe5+ Kb4 57. Qe6 Nc5 58. Qxc6 c3 59. Qh6 c2 60. Qd2+ Kb3 61. Qe3+ Kb2 62. Qd4+ Kb1 0-1

[Event "ENG-ch Senior Over 50"]
[Site "Kenilworth"]
[Date "2025.04.27"]
[Round "5.11"]
[White "Homer, Neil S"]
[Black "Gelder, Stephanie"]
[Result "1/2-1/2"]
[WhiteElo "1691"]
[BlackElo "1488"]
[PlyCount "94"]
[EventDate "2025.04.24"]
[EventType "swiss"]
[EventRounds "7"]
[EventCountry "ENG"]
[SourceTitle "BritBase"]
[Source "John Saunders"]
[SourceDate "1997.08.31"]
[SourceVersion "1"]
[SourceVersionDate "1997.08.31"]
[SourceQuality "1"]

1. e4 c6 2. d4 d5 3. exd5 cxd5 4. Bd3 Nc6 5. c3 Nf6 6. Bf4 Bg4 7. Qb3 Na5 8. Qa4+ Nc6 9. h3 Bd7 10. Qc2 g6 11. Nf3 Qc8 12. Nbd2 Bf5 13. O-O Bxd3 14. Qxd3 Qd7 15. Rfe1 Qf5 16. Qxf5 gxf5 17. Ne5 Nxe5 18. Bxe5 Bg7 19. Nf3 e6 20. Nh4 O-O 21. Nf3 Nd7 22. Bxg7 Kxg7 23. Ne5 Nxe5 24. Rxe5 Kf6 25. Rae1 Rac8 26. R1e3 Rg8 27. Kh2 Rg7 28. Rg3 Rcg8 29. Rxg7 Rxg7 30. f4 Rg8 31. Re3 Rc8 32. Kg3 Rg8+ 33. Kf2 h5 34. Rg3 Rg6 35. Rxg6+ fxg6 36. h4 Ke7 37. Ke3 Kd6 38. Kd3 Kc6 39. c4 a6 40. b4 b6 41. a4 dxc4+ 42. Kxc4 b5+ 43. axb5+ axb5+ 44. Kc3 Kd5 45. Kd3 Kc6 46. Ke3 Kd6 47. Kd2 Kc6 1/2-1/2

[Event "ENG-ch Senior Over 50"]
[Site "Kenilworth"]
[Date "2025.04.27"]
[Round "6.1"]
[White "Wells, Peter K"]
[Black "Dishman, Stephen"]
[Result "1/2-1/2"]
[WhiteElo "2350"]
[BlackElo "2279"]
[PlyCount "149"]
[EventDate "2025.04.24"]
[EventType "swiss"]
[EventRounds "7"]
[EventCountry "ENG"]
[SourceTitle "BritBase"]
[Source "John Saunders"]
[SourceDate "1997.08.31"]
[SourceVersion "1"]
[SourceVersionDate "1997.08.31"]
[SourceQuality "1"]

1. d4 d5 2. c4 dxc4 3. Nf3 Nf6 4. Nc3 a6 5. e4 b5 6. Be2 e6 7. Bg5 Bb7 8. Qc2 Be7 9. Rd1 Nbd7 10. O-O O-O 11. a4 b4 12. Bxf6 Nxf6 13. e5 bxc3 14. exf6 Bxf6 15. bxc3 c5 16. Bxc4 Bxf3 17. gxf3 cxd4 18. Qe4 Qc7 19. Bd3 g6 20. cxd4 Rfd8 21. Rc1 Qa5 22. Rc4 Kg7 23. Rd1 Rd5 24. Be2 Rad8 25. f4 Qb6 26. Kg2 Bxd4 27. a5 Qd6 28. Ra4 Bxf2 29. Rxd5 exd5 30. Qe5+ Qxe5 31. fxe5 Be1 32. Bxa6 Bc3 33. Bb5 Bxe5 34. a6 Bb8 35. a7 Bxa7 36. Rxa7 Rd6 37. Be8 Rf6 38. Rd7 Kf8 39. Bxf7 Rxf7 40. Rxd5 Kg7 41. Kg3 h6 42. Rd6 h5 43. h4 Ra7 44. Rb6 Ra3+ 45. Kg2 Kf7 46. Rc6 Re3 47. Ra6 Re6 48. Ra5 Kf6 49. Kf3 Rb6 50. Kg3 Rb3+ 51. Kg2 Re3 52. Rb5 Re5 53. Rb8 Re4 54. Kg3 Re3+ 55. Kg2 Kf5 56. Rb5+ Kf4 57. Rg5 Re2+ 58. Kh3 Re6 59. Kh2 Rf6 60. Kg2 Ke3 61. Re5+ Kf4 62. Rg5 Ra6 63. Kh3 Kf3 64. Rg3+ Kf2 65. Rg2+ Kf1 66. Rg5 Rf6 67. Kh2 Ke2 68. Re5+ Kf3 69. Rg5 Rf4 70. Rg3+ Kf2 71. Rg2+ Ke3 72. Rxg6 Rxh4+ 73. Kg3 Rg4+ 74. Rxg4 hxg4 75. Kxg4 1/2-1/2

[Event "ENG-ch Senior Over 50"]
[Site "Kenilworth"]
[Date "2025.04.27"]
[Round "6.3"]
[White "Burrows, Martin P"]
[Black "Ciuravin, Andrei"]
[Result "1-0"]
[WhiteElo "2026"]
[BlackElo "2060"]
[PlyCount "99"]
[EventDate "2025.04.24"]
[EventType "swiss"]
[EventRounds "7"]
[EventCountry "ENG"]
[SourceTitle "BritBase"]
[Source "John Saunders"]
[SourceDate "1997.08.31"]
[SourceVersion "1"]
[SourceVersionDate "1997.08.31"]
[SourceQuality "1"]

1. e4 d6 2. d4 Nf6 3. Nc3 Nbd7 4. Nf3 e5 5. g4 h6 6. g5 hxg5 7. Nxg5 exd4 8. Qxd4 Nh7 9. Nxh7 Rxh7 10. Be3 Ne5 11. Be2 Bg4 12. Bxg4 Nxg4 13. O-O-O c6 14. e5 Nxe3 15. Qxe3 d5 16. e6 Qf6 17. exf7+ Kxf7 18. Kb1 Bd6 19. Qd3 Rh6 20. f4 Rah8 21. h3 Re8 22. Rhg1 Kg8 23. Rg4 Bf8 24. Rdg1 Kh8 25. a3 Re7 26. Ne2 Rf7 27. Rg5 Be7 28. R1g2 Qe6 29. R5g4 Bf6 30. f5 Qe5 31. Nd4 c5 32. Re2 c4 33. Qf3 Qd6 34. Re6 Qd7 35. Qe3 Rf8 36. c3 Rh5 37. Ka2 Qf7 38. Rg1 Rh7 39. Ne2 d4 40. cxd4 Rd8 41. d5 Rh5 42. Qf3 Kh7 43. Rd1 Rh4 44. Nf4 Qd7 45. Ng6 Qb5 46. Rxf6 c3 47. b3 c2 48. Rc1 Rh6 49. Rf8 Rxf8 50. Nxf8+ 1-0

[Event "ENG-ch Senior Over 50"]
[Site "Kenilworth"]
[Date "2025.04.27"]
[Round "6.4"]
[White "Brett, Andrew R"]
[Black "James, Russell A"]
[Result "1/2-1/2"]
[WhiteElo "2060"]
[BlackElo "2086"]
[PlyCount "34"]
[EventDate "2025.04.24"]
[EventType "swiss"]
[EventRounds "7"]
[EventCountry "ENG"]
[SourceTitle "BritBase"]
[Source "John Saunders"]
[SourceDate "1997.08.31"]
[SourceVersion "1"]
[SourceVersionDate "1997.08.31"]
[SourceQuality "1"]

1. c4 c5 2. Nf3 Nf6 3. g3 g6 4. Bg2 Bg7 5. O-O O-O 6. d4 cxd4 7. Nxd4 Nc6 8. Nc3 d6 9. e3 Bd7 10. b3 Qa5 11. Bb2 a6 12. a3 Rac8 13. Rc1 Qb6 14. c5 Qa7 15. cxd6 exd6 16. Nxc6 Bxc6 17. Bxc6 Rxc6 1/2-1/2

[Event "ENG-ch Senior Over 50"]
[Site "Kenilworth"]
[Date "2025.04.27"]
[Round "6.5"]
[White "Hill, Andy"]
[Black "Homer, Stephen J"]
[Result "1-0"]
[WhiteElo "1996"]
[BlackElo "2011"]
[PlyCount "83"]
[EventDate "2025.04.24"]
[EventType "swiss"]
[EventRounds "7"]
[EventCountry "ENG"]
[SourceTitle "BritBase"]
[Source "John Saunders"]
[SourceDate "1997.08.31"]
[SourceVersion "1"]
[SourceVersionDate "1997.08.31"]
[SourceQuality "1"]

1. Nf3 c5 2. c4 Nc6 3. e3 e5 4. Nc3 Nf6 5. d4 cxd4 6. exd4 e4 7. Ne5 Bb4 8. Nxc6 dxc6 9. Be2 Qa5 10. Qb3 O-O 11. O-O Re8 12. h3 Bd6 13. Re1 Bb8 14. Bf1 Qh5 15. Ne2 Qf5 16. Qe3 a5 17. Nc3 Ba7 18. b3 h5 19. Ba3 Qg6 20. Rad1 Bf5 21. Ne2 Rad8 22. Bc1 Qh7 23. Qc3 Bb6 24. Bf4 Rd7 25. Be5 Qh6 26. g3 Kh7 27. Bg2 Kg8 28. a4 Re6 29. Nf4 Re8 30. Bxf6 gxf6 31. d5 h4 32. c5 hxg3 33. Qxg3+ Kh8 34. cxb6 Rg8 35. Qe3 cxd5 36. Nxd5 Qg7 37. Nf4 Rd3 38. Rxd3 exd3 39. Kh2 Rd8 40. Bxb7 Qg5 41. Bf3 Qh4 42. b7 1-0